000 00400nam a2200181Ia 4500
005 20240823022744.0
008 240823s9999||||xx |||||||||||||| ||und||
041 _aENGLISH
082 _A158 N8
100 _a"Holden,Philip"
245 0 _aSuper Success
250 _a1st
260 _c1998
_b"Magna,M"
_aMumbai
500 _aYES
650 _aSuccess
_bGeneral
942 _cBK
999 _c179924
_d179924